Powiaty Polski - Statystyki

Ogólne statystyki
  • Ten quiz został rozwiązany 57 razy
  • Średni wynik to 88 z 304
Statystyki odpowiedzi
Odpowiedź % Poprawnych
gdański
65%
augustowski
55%
bielski
55%
bydgoski
55%
opolski
55%
toruński
53%
elbląski
51%
krakowski
51%
lubelski
51%
olsztyński
51%
wrocławski
51%
radomski
49%
chełmski
47%
częstochowski
47%
gorzowski
47%
iławski
47%
koszaliński
47%
nowosądecki
47%
poznański
47%
rzeszowski
47%
ełcki
45%
grodziski
45%
tarnobrzeski
45%
aleksandrowski
43%
białostocki
43%
bialski
43%
pruszkowski
43%
tarnowski
43%
tatrzański
43%
zamojski
43%
zielonogórski
43%
ciechanowski
41%
jarosławski
41%
jasielski
41%
kołobrzeski
41%
malborski
41%
mławski
41%
płocki
41%
włocławski
41%
chojnicki
39%
kielecki
39%
lubiński
39%
ostrowski
39%
suwalski
39%
bartoszycki
37%
bieszczadzki
37%
buski
37%
dębicki
37%
grudziądzki
37%
inowrocławski
37%
kłodzki
37%
krośnieński
37%
nowotarski
37%
oławski
37%
słupski
37%
wałbrzyski
37%
warszawski zachodni
37%
żagański
37%
braniewski
35%
brzeski
35%
hajnowski
35%
hrubieszowski
35%
koniński
35%
legnicki
35%
miński
35%
ostrołęcki
35%
stalowowolski
35%
starachowicki
35%
tomaszowski
35%
żniński
35%
bełchatowski
33%
biłgorajski
33%
bocheński
33%
bytowski
33%
chełmiński
33%
cieszyński
33%
człuchowski
33%
giżycki
33%
gołdapski
33%
kaliski
33%
kolski
33%
kraśnicki
33%
kutnowski
33%
kwidzyński
33%
mielecki
33%
mrągowski
33%
nowodworski
33%
ostródzki
33%
pucki
33%
puławski
33%
rawicki
33%
sandomierski
33%
sanocki
33%
siedlecki
33%
skarżyski
33%
skierniewicki
33%
stargardzki
33%
wieluński
33%
wołomiński
33%
żarski
33%
będziński
31%
białobrzeski
31%
bolesławiecki
31%
brodnicki
31%
garwoliński
31%
głogowski
31%
karkonoski
31%
kętrzyński
31%
łomżyński
31%
makowski
31%
nowotomyski
31%
nyski
31%
opatowski
31%
ostrowiecki
31%
pabianicki
31%
pilski
31%
piotrkowski
31%
płoński
31%
tucholski
31%
turecki
31%
zambrowski
31%
zgierski
31%
zgorzelecki
31%
żywiecki
31%
gnieźnieński
29%
golubsko-dobrzyński
29%
grójecki
29%
gryficki
29%
janowski
29%
kartuski
29%
łęczycki
29%
leski
29%
lipnowski
29%
łódzki wschodni
29%
łowicki
29%
lubliniecki
29%
nowomiejski
29%
nowosolski
29%
olkuski
29%
ostrzeszowski
29%
piaseczyński
29%
pleszewski
29%
policki
29%
przasnyski
29%
przemyski
29%
rycki
29%
słupecki
29%
średzki
29%
starogardzki
29%
świdnicki
29%
świecki
29%
szczecinecki
29%
bieruńsko-lędziński
27%
brzeziński
27%
dąbrowski
27%
działdowski
27%
dzierżoniowski
27%
gliwicki
27%
gorlicki
27%
gryfiński
27%
jaworski
27%
kłobucki
27%
krapkowicki
27%
krasnostawski
27%
lęborski
27%
legionowski
27%
limanowski
27%
lipski
27%
lubartowski
27%
łukowski
27%
nakielski
27%
nidzicki
27%
oleski
27%
oleśnicki
27%
otwocki
27%
piski
27%
raciborski
27%
radomszczański
27%
rybnicki
27%
sieradzki
27%
słubicki
27%
sokołowski
27%
śremski
27%
trzebnicki
27%
wielicki
27%
wolsztyński
27%
wrzesiński
27%
złotowski
27%
białogardzki
24%
jarociński
24%
kamieński
24%
łęczyński
24%
leszczyński
24%
łosicki
24%
mikołowski
24%
milicki
24%
myślenicki
24%
myszkowski
24%
niżański
24%
olecki
24%
opoczyński
24%
pajęczański
24%
rypiński
24%
sępoleński
24%
sierpecki
24%
staszowski
24%
sztumski
24%
wadowicki
24%
wałecki
24%
węgorzewski
24%
wschowski
24%
zawierciański
24%
zduńskowolski
24%
żuromiński
24%
brzozowski
22%
chrzanowski
22%
drawski
22%
goleniowski
22%
gostyniński
22%
gostyński
22%
jędrzejowski
22%
kępiński
22%
kolbuszowski
22%
kozienicki
22%
krotoszyński
22%
międzychodzki
22%
namysłowski
22%
pułtuski
22%
radziejowski
22%
ropczycko-sędziszowski
22%
sochaczewski
22%
suski
22%
świebodziński
22%
szczycieński
22%
szydłowiecki
22%
tarnogórski
22%
włodawski
22%
wyszkowski
22%
złotoryjski
22%
chodzieski
20%
choszczeński
20%
głubczycki
20%
górowski
20%
grajewski
20%
kamiennogórski
20%
kędzierzyńsko-kozielski
20%
kościański
20%
kościerski
20%
lubaczowski
20%
miechowski
20%
międzyrzecki
20%
moniecki
20%
myśliborski
20%
oświęcimski
20%
parczewski
20%
pińczowski
20%
polkowicki
20%
prudnicki
20%
przeworski
20%
przysuski
20%
pszczyński
20%
rawski
20%
strzeliński
20%
tczewski
20%
wąbrzeski
20%
wągrowiecki
20%
węgrowski
20%
wejherowski
20%
włoszczowski
20%
wodzisławski
20%
ząbkowicki
20%
kluczborski
18%
kolneński
18%
konecki
18%
leżajski
18%
lidzbarski
18%
lubański
18%
lwówecki
18%
mogileński
18%
poddębicki
18%
proszowicki
18%
pyrzycki
18%
siemiatycki
18%
świdwiński
18%
szamotulski
18%
wołowski
18%
zwoleński
18%
kazimierski
16%
łańcucki
16%
łaski
16%
łobeski
16%
obornicki
16%
sejneński
16%
sławieński
16%
radzyński
14%
sokólski
14%
strzelecki
14%
strzelecko-drezdenecki
14%
sulęciński
14%
strzyżowski
12%
wysokomazowiecki
12%
czarnkowsko-trzcianeski
2%
wieruszoski
0%
żyradowski
0%
Nie znaleziono quizów pasujących do podanych kryteriów
Rozkład punktacji
Procent ludzi z każdym wynikiem
Percentyl według liczby udzielonych odpowiedzi
Twoja historia wyników
Nie rozwiązałeś tego quizu